| 000 | 01739nam a22002657a 4500 | ||
|---|---|---|---|
| 008 | 230130s2021 xxk|||||o|||| 00| 0 eng d | ||
| 020 | _a9781783214129 | ||
| 041 | _aeng | ||
| 100 | _aCrosby, Neil | ||
| 110 | _aRoyal Institution of Chartered Surveyors | ||
| 245 |
_aAssessing viability in planning under the National Planning Policy Framework 2019 _bfor England _cRICS guidance note _h[Electronic resource] |
||
| 250 | _a1st | ||
| 260 |
_aLondon, _bRoyal Institution of Chartered Surveyors, _cMarch 2021 |
||
| 300 | _a73p | ||
| 490 | _aRICS guidance note | ||
| 520 | _aThis guidance note is intended to help professionals working in planning and development to apply the government’s national planning policy for England, In 2019, RICS published a professional statement, Financial viability in planning: conduct and reporting, which is mandatory for all RICS members carrying out financial viability assessments. This guidance note supplements and gives added guidance to RICS members and other stakeholders in the planning process on undertaking and understanding financial viability assessments (FVAs) in both a plan-making and decision-taking context. This guidance note is based on the NPPF and PPG as at the date of publication. | ||
| 650 | _aPlanning | ||
| 650 | _aNational Planning Policy Framework | ||
| 651 | _aEngland | ||
| 690 |
_96259 _aPlanning and development |
||
| 700 | _aCrosby, Neil | ||
| 710 | _aRoyal Institution of Chartered Surveyors | ||
| 856 |
_uhttps://www.rics.org/uk/upholding-professional-standards/sector-standards/land/assessing-viability-in-planning-under-the-national-planning-policy-framework-2019-for-england-rics-guidance-note-1st-edition/ _zAvailable free on RICS.org |
||
| 942 | _n0 | ||
| 999 |
_c121339 _d121339 |
||